Les 10 meilleurs buteurs en 2009. - Statistiques

Statistiques générales
  • Ce quiz a été pris 101 fois
  • Le résultat moyen est 8 sur 10
Statistiques - réponses
Buts Joueurs Clubs % Correct
41 Lionel Messi Barca
100%
30 Cristiano Ronaldo Man United/ Real
97%
31 Wayne Rooney Man United
90%
33 Samuel Eto'o Barca/ Inter
89%
37 Didier Drogba Chelsea
88%
32 Zlatan Ibrahimovic Inter/ Barca
82%
43 David Villa Valence
80%
33 Diego Forlan Atletico
77%
36 Mario Gomez Stuttgart/ Bayern
70%
43 Edin Dzeko Wolfsburg
56%
Aucun quiz correspondant
Distribution des résultats
% des personnes avec chaque résultat
Percentile par nombre de réponses
Votre historique - résultats
Vous n’avez pas pris ce quiz